000 00298nam a2200133 i 4500
001 bg
100 1 _aHUMBY, E.
245 0 _aPrograms form decision tables /
_cE. Humby.
260 _aLondon,
_c1973.
040 _cBPK
041 _apol
942 _cKS
008 s pl f |000 0 pol
999 _c15636
_d15636
856 _uhttp://koha.tu.koszalin.pl/cgi-bin/koha/opac-detail.pl?biblionumber=15636
_yKatalog online BPK